| 000 | 00849 a2200241 4500 | ||
|---|---|---|---|
| 003 | OSt | ||
| 005 | 20180116182814.0 | ||
| 008 | 170731b xxu||||| |||| 00| 0 eng d | ||
| 020 | _a9698478000 | ||
| 020 | _a9789698478001 | ||
| 040 | _c0 | ||
| 082 | _a332.0917671 MOH 1999 | ||
| 100 | 1 | _aMohammad Hafeez Arshad Malik | |
| 245 | 1 | 0 |
_aFinancing in Islam : _ban operational approch [i.E. approach] with reference to pakistan / _cMohammad Hafeez Arshad Malik. |
| 260 |
_a[S.l.] : _bMalik, _c1999. |
||
| 300 |
_a292 p. _bpb. |
||
| 440 | _aFinancing in Islam : | ||
| 500 | _aImport. | ||
| 500 | _aUnknown Binding. | ||
| 856 | 4 | 0 |
_3Amazon.com _uhttp://www.amazon.com/exec/obidos/ASIN/9698478000/chopaconline-20 |
| 856 | 4 | 0 |
_3Amazon customer reviews _uhttp://www.chopac.org/cgi-bin/tools/azrev.pl?q=9698478000 |
| 942 |
_aNBS _cBK _k332.087297 MAL _2ddc |
||
| 999 |
_c346355 _d346355 |
||